000
00463nam a2200145Ia 4500
008
100122s9999 xx 000 0 und d
082
_b
37853
_a
823
100
_a
आपटे शरद
245
_a
मधली नदी साक्षीला
260
_b
शैलेजा आपटे
_c
1905
300
_a
123
630
_a
मधली नदी साक्षीला
730
_a
मधली नदी साक्षीला
942
_c
BOOK
999
_c
420209
_d
420206